Interdisziplinäre Studien zur Königsgruft in Qatna /

محفوظ في:

مؤلفون آخرون: Pfälzner, Peter.

التنسيق: كتاب

اللغة: German
English
French

منشور في: Wiesbaden : Harrassowitz Verlag, 2011.

سلاسل: Qatna Studien ; 1.

الموضوعات:

الوسوم: إضافة وسم

لا توجد وسوم, كن أول من يضع وسما على هذه التسجيلة!

رقم الطلب: DS99 .M5 I47 2011

LEADER 01339namaa2200361 4500
001 23760
003 OSt
005 20211202112250.0
008 130303s2011 gw ab g b 000 0 ger d
952 |0 0  |1 0  |2 lcc  |4 0  |6 DS0099 M5 I47 02011  |7 1  |9 23633  |a ARCE  |b ARCE  |d 2021-12-02  |l 0  |o DS99 .M5 I47 2011  |p 1013990  |r 2021-12-02 00:00:00  |w 2021-12-02  |y BK 
999 |c 22651  |d 22651 
020 |a 3447065419 
020 |a 9783447065412 
040 |c ARCE Library 
041 0 |a ger  |a eng  |a fre 
043 |a a-sy--- 
050 4 |a DS99 .M5 I47 2011 
245 0 0 |a Interdisziplinäre Studien zur Königsgruft in Qatna /   |c herausgegeben von Peter Pfälzner. 
264 1 |a Wiesbaden :   |b Harrassowitz Verlag,   |c 2011. 
300 |a xvi, 532 pages :   |b ill. (some col.), 1 fold. plate ;   |c 32 cm. 
490 1 |a Qatna Studien,   |x 2191-4818 ;   |v 1. 
500 |a Research report. 
504 |a Includes bibliographical references. 
546 |a Text in German, with six English and three French contributions. 
555 |a aya 
650 0 |a Architecture  |z Syria  |z Al Mashrafah  |x History. 
650 0 |a Excavations (Archaeology)  |z Syria  |z Al Mashrafah. 
651 0 |a Al Mashrafah (Syria)  |x Antiquities. 
651 0 |a Al Mashrafah (Syria)  |x Kings and rulers  |x Tombs. 
700 1 |a Pfälzner, Peter. 
830 0 |a Qatna Studien ;   |v 1. 
901 |a reviewed 
942 |c BK  |2 lcc